000 01630nam a22002777a 4500
003 DO-SdBNP
005 20160310144351.0
008 160310b 1997 xxu ||||| |||| 00| 0 spa d
020 _a9780395786819
040 _aBPMSU
_bspa
_cBPMSU
092 _axxxx
_bxxxx
245 0 0 _aJuntos /
_cautores principales, David Freeman, Yvonne S. Freeman ; autores, Margarita Calderõn ... [et al.].
260 _aBoston :
_bHoughton Mifflin,
_c1997
300 _a204 p. :
_bil. ;
_c31 cm.
490 1 _aInvitaciones.
500 _aLos grados K-6.
505 0 _aPara empezar: Mis amigos / Taro Gomi -- Temas: Todos juntos -- Insectos y otros amiguitos -- Todos juntos: Antologia: La gallinita roja / Byron Barton -- Quiero, quiero un amiguito / Graciela M. Pena -- Comelones / Lara Rios -- La panaderita -- Comparte cuentos con Len Cabral -- El parque / Alma Flor Ada -- El nabo / Cecilia Beuchat, Mabel Condemarin -- Cultivemos un huerto de la victoria / Marjorie Waters -- Que banda -- Taller de escritores: como hacer un papalote -- Tu puedes hacer la diferencia -- Main aux Fleurs (Mano con flores) / Picasso -- Flores / Juan Bautista Grosso -- Insectos y otros amiguitos: El piojo y la pulga / Jose-Luis Orozco -- ABC de mariposa / Kjell B. Sandved -- Su propio color / Leo Lionni -- Camaleon / Yanitzia Canetti -- Datos divertidos.
700 1 2 _aFincher, David,
_d1962-
700 1 2 _aFreeman, Yvonne
700 1 2 _aCalderón, Margarita.
700 1 2 _a Cooper, J. David
700 1 2 _aCooper, J. David
_d Cooper, J. David (James David), 1942-
830 0 _aInvitaciones.
942 _2ddc
_cBK
956 _2LOPEREZ
_310
_6BPMSU
999 _c9184
_d9184